[Event "Ghent op 22nd"]
[Site "Ghent"]
[Date "1999.??.??"]
[Round "?"]
[White "Gurevich, Mikhail"]
[Black "Dgebuadze, Alexandre"]
[Result "1/2-1/2"]
[WhiteElo "2643"]
[BlackElo "2510"]
[Annotator "Gurevich,M"]
[PlyCount "76"]
[EventDate "1999.07.??"]
[EventType "swiss"]
[EventRounds "9"]
[EventCountry "BEL"]
[SourceTitle "EXT 2003"]
[Source "ChessBase"]
[SourceDate "2002.11.25"]
[SourceVersion "1"]
[SourceVersionDate "2002.11.25"]
[SourceQuality "1"]

1. c4 e6 2. Nf3 b6 3. g3 Bb7 4. Bg2 c5 5. O-O Qc7 $5 {TN} 6. Nc3 a6 7. e4 d6 8.
d4 $5 cxd4 9. Nxd4 Nf6 (9... Qxc4 10. Be3 Nd7 11. Rc1 $36) 10. Be3 Be7 11. Rc1
O-O 12. f4 Nbd7 (12... Nc6 $2 13. Nd5 $16) 13. f5 e5 14. Nd5 Qd8 15. Nc2 (15.
Ne2 Ng4 16. Bd2 Bxd5 17. cxd5 b5 $132) (15. Nb3 $5) 15... Nxd5 16. exd5 (16.
cxd5 Bg5 17. Qd2 Bxe3+ 18. Nxe3 b5 $13 {(/\ 19...Qb6, 20...Rfc8)}) 16... Bg5
17. Qd2 Bxe3+ 18. Nxe3 a5 $13 19. b3 Qg5 20. Qf2 $1 {[/\ 21.h4|^ >>]} Rfe8 21.
h4 Qd8 22. g4 f6 23. Qg3 (23. a3 Nc5 24. Rc3 Qe7 $13) 23... Nc5 24. Rc3 Ba6 25.
g5 Kh8 $1 (25... b5 $6 26. gxf6 Qxf6 27. Ng4 $40) 26. Qg4 Re7 27. Rd1 (27. Qh5
Qe8 28. g6 h6 (28... Qg8 $13) 29. Ng4 Qf8 $13) 27... Rc8 28. Bf1 Rb7 $1 {
[/\ 29...b5]} 29. a4 Re7 30. Re1 Qd7 31. Be2 Rf8 32. Rf1 Bc8 33. Qg2 Qe8 34.
Bg4 Bd7 35. Nc2 Qc8 (35... g6 $5 $132) 36. Ne3 Qe8 37. Nc2 Qc8 38. Ne3 Qe8
1/2-1/2

[Event "Douglas IoM op"]
[Site "Douglas"]
[Date "2018.10.24"]
[Round "5"]
[White "Fridman, Daniel"]
[Black "Keymer, Vincent"]
[Result "1-0"]
[WhiteElo "2600"]
[BlackElo "2491"]
[Annotator "Gutman,L"]
[PlyCount "67"]
[EventDate "2018.10.20"]
[EventType "swiss"]
[EventRounds "9"]
[EventCountry "IOM"]
[SourceTitle "EXT 2020"]
[Source "ChessBase"]
[SourceDate "2019.10.17"]
[SourceVersion "1"]
[SourceVersionDate "2019.10.17"]
[SourceQuality "1"]

{[%evp 0,67,20,-14,6,-40,-40,-18,-24,-50,-19,-22,4,4,-3,-10,27,12,12,18,14,-15,
-7,15,-8,31,35,36,15,-10,34,-2,35,-9,16,4,0,-5,86,110,204,174,198,198,202,107,
202,171,191,176,155,152,178,175,204,203,215,216,265,272,247,297,262,263,306,
312,334,296,349,263]} 1. c4 e6 2. g3 d5 3. Bg2 Nf6 4. Nf3 dxc4 5. Qa4+ c6 6.
Qxc4 b5 7. Qb3 Bb7 8. O-O Be7 9. d4 O-O 10. Rd1 Nbd7 {Der Kampf der
Generationen zeigte deutlich die Schwächen von Vincent Keymer - wenig Respekt
und oberflächliche Arbeit mit Informationen.} 11. Ne5 $5 ({Diese Fortsetzung
ist nachhaltiger als} 11. Nc3 Qb6 12. Bg5 h6 13. Bxf6 Nxf6 14. Ne5 Rfd8 15. e3
Rab8 (15... a6 $6 16. Rac1 Qc7 17. Ne4 Nxe4 18. Bxe4 Rd6 19. Rd3 Rc8 20. Rdc3
$16 {Grischuk-Karjakin, Leuven Blitz 2018}) 16. a4 a6 17. Nd3 (17. Ne4 Nxe4 18.
Bxe4 c5 19. dxc5 Qxc5 20. Rxd8+ Rxd8 21. Bxb7 Qxe5 $11 {Lagno-Paikidze, EU ch
Rapid Women 2012}) 17... Rdc8 18. axb5 (18. Ne4 Nxe4 19. Bxe4 c5 $11) 18...
cxb5 (18... axb5 $2 19. Na4 $16) 19. d5 Nxd5 20. Nxd5 Bxd5 21. Bxd5 exd5 22.
Nf4 Bf8 23. Nxd5 Qe6 $11) 11... Nxe5 12. dxe5 Nd7 13. Nc3 (13. Bf4 Qc7 14. Nd2
(14. Nc3 Rad8) 14... Rfd8 15. Rac1 a6 16. Ne4 (16. Qe3 c5 $11 {
Aronian-Karjakin, Berlin 2018}) 16... c5 17. Nf6+ Bxf6 (17... Kh8 18. Qc2 Nf8 {
Branko Tadic, Informator 136} 19. Bxb7 Qxb7 20. Ne4 c4 21. Nd6 Bxd6 22. exd6
Rac8 $11) 18. exf6 e5 19. Bxb7 Qxb7 20. Be3 Nxf6 $11) 13... Qc7 14. Bf4 Rfd8 $6
({Fridman befolgt die Analysen aus dem Informator; Keymer jedoch verzichet
darauf und vertraut auf ziemlich schwache Kommentare von Marin zu der Partie
Aronian-Karjakin. Tadic gibt zurecht} 14... Nc5 $5 15. Qc2 b4 16. Nb1 (16. Ne4
Nxe4 17. Bxe4 h6 $11) 16... Ba6 17. Re1 {als kritisch an,} Rfd8 18. Nd2 Nd7 19.
Ne4 (19. Rac1 g5 20. Be3 Nxe5 21. Ne4 h6 22. Nc5 Bc4 23. Qe4 Bd5 24. Qxb4 Qb8
$11) 19... Nxe5 20. Rac1 $5 (20. Nc5 Bb5 21. Nd3 Bd6 22. Bxe5 Bxe5 23. Nxb4 Qa5
24. Nxc6 Bxc6 25. Bxc6 Rab8 $11) 20... Rac8 (20... Qa5 21. Nc5 Qxc5 (21... Bxc5
22. Qxc5 Qxc5) 22. Qxc5 Bxc5 23. Rxc5 Ng6 24. Be3 Bb5 25. Bxc6 Bxc6 26. Rxc6
$14) 21. Nc5 Bb5 22. Qb3 Bd6 23. Bg5 Re8 24. Qxb4 Nd7 25. Be3 a5 26. Qe4 Nxc5
27. Bxc5 a4 28. Bxd6 Qxd6 29. Red1 Qe7 30. a3 Red8 31. Bf3 Rb8 32. Qc2 $11) 15.
Qc2 a6 (15... Qb6 $6 16. Ne4 c5 17. Bg5 $14 {Sargissian-Houska, Isle of Man
2015}) 16. Ne4 c5 (16... h6 17. Nd6 $16) 17. Nf6+ $1 {Dies ist die Pointe und
eine unangenehme Überraschung für Keymer.} Bxf6 18. exf6 Qc8 {Ein neuer
Versuch, aber es gibt bereits kaum Rettung.} ({Getestet wurde} 18... e5 19. Qf5
Bxg2 (19... g6 20. Qg5 Kh8 21. Bxb7 Qxb7 22. Bxe5 $16 {Tadic}) 20. Rxd7 Qc6 21.
Rxd8+ Rxd8 22. Bxe5 Be4 23. Qg5 (23. Qf4 $5 $16 {Tadic}) 23... Bg6 24. fxg7 Re8
25. Rd1 $5 (25. Re1 Qd5 26. Bf6 Qxg5 (26... Qd6 {Milton-Dragun, POL chT 2013}
27. b3 $5 Re6 28. Bc3 f6 29. Qc1 Kxg7 30. f3 $16) 27. Bxg5 Kxg7 28. Be3 c4 29.
Bd4+ f6 30. f3 $16) 25... Qe4 26. Rd8 Qb1+ 27. Kg2 Qe4+ 28. f3 Qxe2+ 29. Kh3
Bf5+ 30. g4 Qxe5 31. Qxf5 Kxg7 32. Rxe8 Qxe8 33. Qxc5 $16) 19. Bxb7 Qxb7 20.
fxg7 c4 21. Qc3 Nb6 22. Bg5 $2 ({Auf der Hand lag} 22. Bh6 $16) 22... Rd5 $6 ({
Mehr Widerstand könnte Schwarz nach} 22... Rxd1+ 23. Rxd1 Qe4 24. Qd2 Qd5 25.
e4 Qxd2 26. Rxd2 c3 27. bxc3 Nc4 28. Rd1 Kxg7 $14 {leisten.}) 23. Bh6 Rad8 24.
Rxd5 Nxd5 25. Rd1 Qc7 ({Vielleicht versprach} 25... Qe7 26. Qa5 Ra8 27. e4 Nb4
{bessere praktische Chancen,} 28. a4 Nd3 29. axb5 Qc5 30. Rd2 Qh5 31. Be3 Qxb5
32. Qc7 a5 33. h4 a4 34. Bh6 $14) 26. Qa3 Ne7 $2 (26... b4 27. Qxa6 c3 {
war notwendig, auch wenn nach} 28. bxc3 ({oder} 28. e4 $5 cxb2 29. Qd3 Qc3 30.
Qb1 b3 31. exd5 Rxd5 32. a4 Qc2 33. Rf1 $16) 28... bxc3 29. Qa3 (29. e4 c2 30.
Rd3 c1=Q+ 31. Bxc1 Qxc1+ 32. Kg2 Nf4+ 33. gxf4 Rxd3 34. Qxd3 Qxf4 35. a4 $16)
29... Qd6 30. Qb3 Rc8 31. e4 c2 32. Rc1 Nb4 (32... Nb6 33. a4 Nd7 34. a5) 33.
a3 Na6 34. f3 e5 35. Be3 Kxg7 36. Kf1 $16 {die schwarze Lage ziemlich trostlos
ist.}) 27. Rxd8+ Qxd8 28. e4 Qd1+ (28... Ng6 29. h4 a5 30. Qc5 $18) 29. Kg2 Qd7
30. h4 f6 31. Qxa6 Qc6 32. Qa7 Qe8 33. Qb6 Kf7 34. Qb7 1-0

[Event "Tel Aviv ASA"]
[Site "Tel Aviv"]
[Date "1996.??.??"]
[Round "2"]
[White "Zifroni, Dov"]
[Black "Bykhovsky, Avigdor"]
[Result "1-0"]
[WhiteElo "2490"]
[BlackElo "2420"]
[Annotator "Har Zvi,R"]
[PlyCount "83"]
[EventDate "1996.08.??"]
[EventType "tourn"]
[EventRounds "9"]
[EventCountry "ISR"]
[EventCategory "8"]
[SourceTitle "CBM 055 Extra"]
[Source "ChessBase"]
[SourceDate "1997.01.01"]
[SourceVersion "1"]
[SourceVersionDate "1997.01.01"]
[SourceQuality "1"]

1. c4 e6 2. Nf3 d5 3. b3 a5 4. e3 Nf6 (4... a4 5. bxa4 (5. Bb2 axb3 6. axb3
Rxa1 7. Bxa1 Nc6 8. Be2 Nb4 $10 {Gulko,B}) 5... Nd7 (5... Nf6 6. cxd5 exd5 7.
Bb2 c6 8. Bd3 Bg4 9. O-O Nbd7 10. Nc3 Bd6 11. Ne2 Qc7 12. h3 Bxf3 13. gxf3 $13
{Greer,K-Welles,P Dublin zt 1993}) 6. Nc3 (6. cxd5 exd5 7. Nc3) 6... c6 (6...
Ngf6 7. cxd5 Nxd5 $13) 7. cxd5 exd5 8. Be2 Nc5 9. O-O Qa5 10. Qc2 Nxa4 (10...
Nf6 11. Ba3 $5 Nxa4 12. Bxf8 Kxf8 (12... Nxc3 13. Bxg7 Nxe2+ 14. Kh1 $18) 13.
Nxa4 Qxa4 14. Qc5+ Kg8 15. Qe7 $16 {Gulko,B}) 11. e4 $1 dxe4 12. Qxe4+ $2 (12.
Nxe4 $1 Bf5 (12... Be7 13. d4 Nf6 14. Nxf6+ Bxf6 15. Bd3 h6 16. Re1+ $16) 13.
d4 O-O-O 14. Bf4 Nf6 15. Bd3) 12... Be7 13. Bc4 Nc5 14. Qe5 Be6 15. Bxe6 Nxe6
16. Rb1 Qxe5 17. Nxe5 Bf6 $2 (17... f6 18. Nf3 b5 19. Re1 Kf7 20. d4 b4 21. d5
$10) 18. f4 $1 $14 {/+/- Gulko,B-Beliavsky,A Groningen 59/10 [Gulko,B] 1993})
5. Nc3 (5. Bb2 a4 6. bxa4 Nbd7 (6... Bd7 7. Nc3 Bb4 8. Nb5 $14) 7. cxd5 (7. Nc3
Be7 8. Qc2 O-O 9. d4 Bb4 $8 10. cxd5 (10. Bd3 $142 $14 {Ehlvest}) 10... exd5
11. Bd3 Re8 12. O-O c6 13. a3 Ba5 $1 $44 {Spraggett,K-Ehlvest,J
Clermont-Ferrand 48/4 [Ehlvest] 1989} (13... Bd6 $2 14. e4 $16)) 7... Nxd5 $1 (
7... exd5 8. Nc3 Nc5 9. Qc2 $16 {Rogers,I}) 8. Nc3 Nc5 $6 (8... N5b6 $1 {
with Bb4-Nc5}) 9. Ne5 $1 c6 $6 (9... Bd6 $1 10. Nc4 O-O 11. a5 $16) 10. Qh5 $1
Qe7 (10... g6 $2 11. Qf3 $18 {b2-h8}) (10... Qc7 11. Nb5 $1 Qe7 (11... cxb5 12.
Bxb5+ Bd7 13. Qxf7+ Kd8 14. Nxd7 Nxd7 15. Rc1 Qd6 16. Ba3 $18) 12. Nd6+ $1 Qxd6
13. Nxf7 Qc7 14. Nxh8+ g6 15. Nxg6 $1 hxg6 16. Qxg6+ Qf7 17. Qxf7+ Kxf7 $16 {
Rogers,I}) 11. Be2 Nb4 (11... Nxa4 12. Nxa4 Rxa4 13. O-O Rh4 14. Qf3 $16) 12.
O-O g6 13. Qg4 $1 (13. Qf3 Bg7 $14) 13... Nd5 14. Qf3 $1 $16 {/+- Rogers,
I-Polger,S Budapest 53/14 [Rogers,I] 1991}) 5... Nbd7 6. Bb2 c6 7. d4 Bd6 8.
Bd3 O-O 9. O-O Qe7 10. c5 Bc7 11. e4 dxe4 12. Nxe4 Nxe4 13. Bxe4 $14 Nf6 14.
Bd3 Nd5 15. Re1 f6 16. Qc2 g6 17. a3 Bd7 18. Nd2 $1 {it is very difficult to
find counter play for black} Qg7 19. Nc4 Qh6 20. g3 g5 21. Qd2 Qg7 22. Bc3 $1 {
a very strong move,black's knight on d5 is much more important than white's
black bishop while white's idea is to change his bishop for black's black
bishop after black will have many weak black squares for example d6} a4 23. Ba5
$1 axb3 24. Bxc7 Nxc7 25. Qb4 Nd5 26. Qxb3 $16 Rad8 27. Nd6 (27. Qxb7 $4 Rb8
28. Qa6 Ra8 29. Qb7 Rfb8 $19) 27... Rb8 28. a4 h5 $6 (28... b6 $5) 29. a5 h4
30. Rab1 $1 (30. Nxb7 Bc8 31. a6 Bxb7 32. axb7 Rxb7 33. Qa4 Qd7) 30... hxg3 31.
hxg3 Ra8 32. Nxb7 f5 33. Re5 Qh6 34. a6 Kg7 35. Nd6 Rh8 36. Kf1 g4 37. Ke2 Rab8
38. Nb7 (38. Qxb8 $4 Rxb8 39. Rxb8 Nc3+ 40. Ke1 (40. Kf1 Qh1#) 40... Qc1#)
38... Qh2 39. Bc4 Nc7 40. Qe3 Kg6 41. Bxe6 Bxe6 42. Rxe6+ (42. Rxe6+ Nxe6 43.
Qxe6+ Kg7 44. Nd6 $1 {with mate is a few moves}) 1-0

[Event "Petrov Memorial op"]
[Site "St Petersburg"]
[Date "1996.??.??"]
[Round "7"]
[White "Kochyev, Alexander"]
[Black "Volkov, Sergey"]
[Result "1-0"]
[WhiteElo "2430"]
[BlackElo "2460"]
[Annotator "Hecht,H"]
[PlyCount "91"]
[EventDate "1996.02.??"]
[EventType "swiss"]
[EventRounds "9"]
[EventCountry "RUS"]
[SourceTitle "CBM 052"]
[Source "ChessBase"]
[SourceDate "1996.06.01"]
[SourceVersion "1"]
[SourceVersionDate "1996.06.01"]
[SourceQuality "1"]

1. Nf3 d5 2. c4 e6 3. g3 c6 4. b3 a5 5. a3 Nf6 6. Bg2 Bd6 7. Bb2 O-O 8. O-O
Nbd7 9. d4 a4 10. c5 Bc7 11. b4 Re8 12. Nbd2 e5 13. dxe5 Ng4 14. e4 Ndxe5 15.
exd5 cxd5 16. h3 Nxf2 17. Rxf2 Nd3 18. Nf1 Nxf2 19. Kxf2 Bf5 20. Qd4 f6 21. Rd1
Be4 22. Ne3 Qb8 23. g4 Rd8 24. Nf5 Ra6 25. Qc3 Re6 26. N3d4 Re5 27. Bxe4 Rxe4
28. Nf3 Rd7 29. Qd3 Qe8 30. Rd2 h5 31. Nd6 Bxd6 32. Qxd5+ Re6 33. cxd6 Rdxd6
34. Qc4 b5 35. Qc2 Rc6 36. Qf5 hxg4 37. hxg4 Rc4 38. g5 Rce4 39. gxf6 Re2+ 40.
Rxe2 Rxe2+ {DS-DT: Taktik} 41. Kg3 Rxb2 42. Qd5+ Kh7 (42... Kf8 43. fxg7+ Kxg7
44. Qd4+ $18) (42... Qf7 43. Qd8+ Qf8 (43... Kh7 44. Ng5+ $18) 44. f7+ Kxf7 45.
Ng5+ Kg8 46. Qd5+ Kh8 47. Qh1+ Kg8 48. Qh7#) 43. f7 Qb8+ 44. Qe5 Qxe5+ 45. Nxe5
Rb3+ 46. Kf2 $1 (46. Kg4 Re3 47. f8=Q (47. Kf4 g5+) 47... Rxe5 48. Qf4 $18) 1-0

[Event "RUS-ch"]
[Site "Elista"]
[Date "1995.??.??"]
[Round "10"]
[White "Sorokin, Maxim"]
[Black "Sveshnikov, Evgeny"]
[Result "1-0"]
[WhiteElo "2550"]
[BlackElo "2580"]
[Annotator "Hecht,H"]
[PlyCount "160"]
[EventDate "1995.10.??"]
[EventType "swiss"]
[EventRounds "11"]
[EventCountry "RUS"]
[SourceTitle "CBM 050"]
[Source "ChessBase"]
[SourceDate "1996.02.01"]
[SourceVersion "1"]
[SourceVersionDate "1996.02.01"]
[SourceQuality "1"]

1. c4 e6 2. g3 d5 3. Bg2 Nf6 4. Nf3 dxc4 5. Qa4+ Nbd7 6. Qxc4 a6 7. Qb3 Rb8 8.
O-O c5 9. d4 cxd4 10. Bf4 Nc5 11. Qc4 Bd6 12. Qxd4 Bxf4 13. Qxf4 Bd7 14. Nc3
O-O 15. Ne5 a5 16. Rfd1 Qb6 17. Rd2 Bc6 18. Bxc6 bxc6 19. Rc1 Qb7 20. Qc4 Nfd7
21. Nxd7 Nxd7 22. Ne4 c5 23. Qa4 Nb6 24. Qc2 c4 25. Ng5 g6 26. Ne4 Qc6 27. Rd6
Qb5 28. Nf6+ Kg7 29. Qc3 e5 30. Rc2 Rfd8 31. Ne4 Rxd6 32. Nxd6 Qc5 33. Nxc4
Nxc4 34. b3 a4 35. bxc4 a3 36. Rd2 Rc8 37. Rd3 f6 38. Qxa3 Qxa3 39. Rxa3 {
T-T Motive: wT vor a-Freibauern; Aktivierung des wK unter B-Opfer und dann wT
hinter den Bauer. Nur Analyse: K+T vs K+f-Bauer} Rxc4 40. Ra7+ Kh6 41. h4 g5
42. hxg5+ Kxg5 43. a4 h5 44. a5 h4 45. Kg2 hxg3 46. Kxg3 Rc3+ 47. e3 Ra3 48.
Ra8 Kg6 49. a6 Ra4 50. Ra7 Ra2 51. Kf3 Ra4 52. Ra8 Kg7 53. Ke2 Ra2+ 54. Ke1
Ra1+ 55. Ke2 Ra2+ 56. Kf1 Ra1+ 57. Kg2 Ra2 58. Kg3 Ra4 59. f3 Ra3 60. Kf2 Ra2+
61. Ke1 Ra1+ 62. Kd2 Ra3 63. Kc2 Rxe3 64. Kb2 Re2+ 65. Kb3 Re1 66. Kb4 Rb1+ 67.
Kc5 Ra1 68. Kb6 Rb1+ 69. Ka7 Rb3 70. Rb8 Rxf3 71. Rb6 e4 72. Kb7 e3 (72... Ra3
73. a7 Rxa7+ 74. Kxa7 f5 (74... Kg6 75. Ka6 Kg5 76. Kb5 Kf4 77. Kc4 f5 78. Kc3
Ke3 79. Kc2 Ke2 80. Rf6 e3 81. Rxf5 Ke1 82. Re5 $18) 75. Ka6 e3 (75... Kf7 76.
Kb5 e3 77. Kc4 e2 78. Rb1 f4 79. Kd3 f3 80. Ke3 $18) 76. Re6 f4 77. Re4 e2 78.
Rxe2 Kf6 79. Kb5 Kf5 80. Kc4 f3 81. Re8 Kf4 82. Kd3 $18) 73. Re6 e2 74. Rxe2
Rb3+ 75. Kc6 Ra3 76. Kb5 Kg6 77. Re4 f5 78. Ra4 Rb3+ 79. Kc6 (79. Ka5 Rb8 80.
a7 Ra8 81. Kb6 Kg5 82. Kb7 Rh8 83. a8=Q Rxa8 84. Rxa8 Kf4 (84... f4 85. Kc6 f3
(85... Kg4 86. Kd5 Kf3 87. Ra3+ $18) 86. Rf8 Kg4 87. Kd5 Kg3 88. Ke4 f2 89. Ke3
$18) 85. Kc6 Ke4 86. Kc5 f4 87. Kc4 Ke3 88. Kc3 f3 89. Re8+ Kf2 90. Kd2 Kf1 91.
Ke3 $18) 79... Rc3+ 80. Kb6 Rb3+ 1-0

[Event "Southwest Class-ch 8th"]
[Site "Forth Worth"]
[Date "2017.02.20"]
[Round "9"]
[White "Javakhadze, Zurab"]
[Black "Hevia Alejano, Carlos Antonio"]
[Result "1/2-1/2"]
[WhiteElo "2469"]
[BlackElo "2491"]
[Annotator "Hevia,C"]
[PlyCount "78"]
[EventDate "2017.02.16"]
[EventType "swiss"]
[EventRounds "9"]
[EventCountry "USA"]
[SourceTitle "CBM 179"]
[Source "ChessBase"]
[SourceDate "2017.07.12"]
[SourceVersion "1"]
[SourceVersionDate "2017.07.12"]
[SourceQuality "1"]

{This game was played in the last round. We were both in the group half a
point behind the leaders, therefore ready to play sharp positions.} 1. Nf3 Nf6
2. g3 e6 3. Bg2 d5 4. O-O Be7 5. c4 {Leading the game into the Catalan.} (5. d3
{was another interesting alternative.} O-O 6. Nbd2 a5 {have been played many
times in blitz supertournaments.}) 5... dxc4 $6 {The first inaccuracy.
Castling was the most logical move. After ...dxc4, White's play is more
flexible.} (5... O-O 6. d4 dxc4) 6. Qa4+ (6. Na3 {was a nice move too. For
Black it is hard to develop pieces to good squares. Since the bishop on g2
exerts strong pressure on the h1-a8 diagonal the principal problem for Black
is where to develop the c8-bishop.} c5 (6... Bxa3 {looks really dangerous, the
c4-pawn will be taken and White will maintain his pressure and the bishop pair.
} 7. bxa3 O-O 8. Qc2 Nc6 9. Bb2 Re8 10. Qxc4 $14) 7. Nxc4 O-O 8. b3 Nc6 9. Bb2
$14 {and White has nice pressure.}) 6... Nbd7 (6... c6 {is a better option.
After ...b5, ...Bb7 Black is slightly worse, but he may get counterplay by
trying to push ...c5.} 7. Qxc4 b5 8. Qc2 Bb7 9. d4 Nbd7) 7. Qxc4 {Black's
position is already uncomfortable, his pieces lack coordination. The c8-bishop
is the main problem.} a6 8. Qc2 Rb8 9. b3 $6 {This is too slow. Rd1 or d4 were
the most logical moves.} (9. Rd1 O-O 10. d4 b5 11. Ne5 Nxe5 12. dxe5 Nd5 13. a3
Bd7 14. Nc3 $16) (9. d4 b5 10. Bd2 c5 11. Bf4 Rb6 12. Ne5 $16) 9... c5 $6 {
Another inaccuracy. Playing fast I assumed that the c1-bishop will develop to
b2, thus I missed the idea of playing Bf4.} ({It was better to wait for the
development of the c1-bishop before playing ...c5.} 9... O-O 10. Bb2 c5 11. d4
b5 $132) 10. d4 b5 11. Bf4 {I played a few imprecise moves in the opening and
instead of getting the sharp position I was aiming for, I got a worse one and
which was easy to play for White. Exactly the opposite of what I wanted!} Rb6
12. Ne5 {Now White has a strong initiative.} Bb7 {Black must exchange some
pieces to reduce the pressure in the centre.} 13. Bxb7 Rxb7 14. Nc6 Qb6 15.
Nxe7 Kxe7 16. dxc5 Qxc5 17. Qb2 {Black has managed to exchange some pieces,
but his position is still fragile. The dark squares are weak and Black has to
lose time to get the king safe.} Rd8 18. Nd2 Kf8 19. Rac1 Qb6 20. Be3 (20. Qa3+
b4 21. Qb2 {was a stronger continuation, assuring the c4-square for the knight.
} a5 22. Nc4 Qa6 23. Rfd1 $16) 20... Qd6 21. Rfd1 Qe7 22. Nf3 Kg8 23. Qd2 {
Although White still has strong pressure, Black should be able to resist it
with precise play.} Ra8 {Black needs to reorganise his pieces. The first step
is to unpin the knight and to defend the weak queenside.} 24. Nd4 (24. Bd4 {
was another idea to bring the bishop to a better diagonal.} h6 25. Bb2 Qe8 26.
Nd4 Nb6 27. Qe1 Rd7 28. e4 $14) 24... Ne5 {Now Black should be able to hold
easily, since White doesn't have dangerous threats.} 25. Bf4 Ng6 26. Bg5 Rd7
27. Qe1 Rd5 28. Nc6 Qd7 29. Bxf6 gxf6 30. Rxd5 Qxd5 31. Nb4 ({During the game
I thought that} 31. Qd1 $5 {could create me some difficulties, as White's
remaining pieces would be more active.} Qxd1+ 32. Rxd1 Kf8 33. Rd7 Rc8 34. Rd6
a5 $1 {This move is enough to hold the position.} 35. Nxa5 (35. Kg2 b4 36. Rd8+
Rxd8 37. Nxd8 Ne7 38. Nb7 Nc6 $11) 35... Rc1+ 36. Kg2 Rc2 37. Nc6 Rxa2 38. Nd4
f5 $11) 31... Qe4 32. Nd3 Ne5 33. Nxe5 Qxe5 34. Qd2 a5 35. a4 Kg7 36. axb5 Qxb5
37. Rc4 h5 38. Qc2 Rb8 39. Rc3 Qd5 1/2-1/2

[Event "Olympiad-29"]
[Site "Novi Sad"]
[Date "1990.11.27"]
[Round "10"]
[White "Velikov, Petar"]
[Black "Hracek, Zbynek"]
[Result "1-0"]
[WhiteElo "2495"]
[BlackElo "2475"]
[Annotator "Hracek,Z"]
[PlyCount "71"]
[EventDate "1990.11.17"]
[EventType "team-swiss"]
[EventRounds "14"]
[EventCountry "YUG"]
[SourceTitle "TD"]
[Source "ChessBase"]
[SourceDate "1994.03.01"]
[SourceVersion "1"]
[SourceVersionDate "1994.03.01"]
[SourceQuality "1"]
[WhiteTeam "Bulgaria"]
[BlackTeam "Czechoslovakia"]
[WhiteTeamCountry "BUL"]
[BlackTeamCountry "CSR"]

1. Nf3 Nf6 2. c4 e6 3. g3 d5 4. Bg2 dxc4 5. Qa4+ Nbd7 6. Qxc4 a6 (6... c5 $142
7. Qb3 Rb8 8. d3 Bd6 9. Nc3 a6 10. Ng5 Qe7 11. O-O O-O 12. Nge4 Be5 $10 {
Vaganian-Salov, URS 1988}) 7. Qc2 (7. Qb3 $1 $14) 7... c5 8. O-O b6 9. b3 Bb7
10. Bb2 Rc8 11. d3 Bd6 $10 12. Nbd2 O-O 13. e4 Bb8 14. h3 $6 (14. Nc4 $142)
14... Re8 15. Nc4 b5 16. Ne3 Nf8 17. Rad1 e5 18. Qb1 N6d7 $6 (18... Qb6 $1 $15
19. Qa1 Ng6 20. Nf5 c4 $36) 19. Nf5 Ne6 20. b4 $1 g6 (20... cxb4 $2 21. d4 $1
$146 {->a1-h8}) 21. Nh6+ Kg7 22. Ng4 Nd4 23. bxc5 Nxc5 24. Nxd4 exd4 25. Qa1
Ne6 26. f4 h5 $1 (26... f5 27. Ne3 $14) 27. Nh2 (27. Ne3 Kg8 $1 28. Nd5 Rc2 $36
) 27... f5 28. Nf3 Rc2 $1 $13 29. Rfe1 Kg8 30. Rc1 fxe4 (30... Rxg2+ $5 31.
Kxg2 h4 $44) 31. dxe4 d3 32. Rxc2 dxc2 33. Qc1 Qd3 34. f5 (34. Ba1 $13) 34...
gxf5 $4 $138 (34... Nf4 $1 35. gxf4 Rxe4 36. Nd2 (36. Rxe4 Bxe4 37. Qd2 $8 (37.
Ne1 $2 Qe2 $19) 37... Ba7+ 38. Kh2 Be3 $10) 36... Bxf4 37. Bxe4 Bxe4 38. Rxe4
Bxd2 39. fxg6 Qg3+ $10) 35. Qh6 $18 fxe4 36. Ng5 1-0

[Event "POL-chT 53rd"]
[Site "Krynica"]
[Date "1997.09.27"]
[Round "3"]
[White "Krasenkow, Michal"]
[Black "Rozentalis, Eduardas"]
[Result "1-0"]
[WhiteElo "2615"]
[BlackElo "2650"]
[Annotator "Krasenkow,M"]
[PlyCount "35"]
[EventDate "1997.09.25"]
[EventType "team-tourn"]
[EventRounds "11"]
[EventCountry "POL"]
[SourceTitle "CBM 061 Extra"]
[Source "ChessBase"]
[SourceDate "1998.03.09"]
[SourceVersion "1"]
[SourceVersionDate "1998.03.09"]
[SourceQuality "1"]
[WhiteTeam "Gorzow Welkopolski"]
[BlackTeam "Warszawa Polonia"]
[WhiteTeamCountry "POL"]
[BlackTeamCountry "POL"]

1. c4 e6 2. Nc3 Bb4 3. e4 Ne7 4. Nf3 O-O 5. d4 $146 (5. Be2) 5... d5 6. cxd5
exd5 7. Bd3 dxe4 (7... c5 $5) 8. Bxe4 Nd5 $6 (8... c5) 9. O-O Nf6 $6 (9... Bxc3
10. bxc3 Nxc3 11. Bxh7+ Kxh7 12. Qd3+ Kg8 13. Ng5 g6 14. Qxc3 $14) 10. Bg5 $16
{@} c6 (10... Be7 $142) 11. Bc2 Be7 12. Re1 Be6 $6 (12... Bg4 13. Qd3 g6 14.
Bb3 $40) 13. Qd3 $1 (13. Bb3 $16 {Khenkin}) 13... g6 (13... Nbd7 14. Bxf6 Nxf6
15. Ng5 $18) 14. Bh6 Re8 {[#]} 15. Rxe6 $1 fxe6 16. Ng5 {/\17.Nh7} Qa5 (16...
Bf8 17. Nxh7 Kxh7 (17... Bxh6 18. Qxg6+ Bg7 19. Nxf6+ $18) 18. Qxg6+ Kh8 19.
Bg5 Nbd7 20. Ne4 $18) 17. b4 $1 (17. Nxh7 Qf5) 17... Qf5 (17... Qa6 18. b5 $18)
(17... Bxb4 18. Nxh7 Qf5 19. Qxf5 exf5 20. Nxf6+ Kf7 21. Nxe8 Bxc3 22. Nc7 $18)
18. Qe3 (18. Qc4 $18) (18. Qe3 Qg4 (18... Qxc2 19. Qxe6+ Kh8 20. Qf7 Rg8 21.
Qxh7+ $1 Nxh7 22. Nf7#) (18... Nd5 19. Bxf5 Nxe3 20. Bxe6+ Kh8 21. Nf7+ Kg8 22.
Nd6+ Kh8 23. Nxe8 $18) 19. h3 Qh4 20. Qxe6+ Kh8 21. Nf7+ Kg8 22. Nd6+ Kh8 23.
Nxe8 $18) 1-0